Territoire britannique d'outre mer - Statistiques

Statistiques générales
  • Ce quiz a été pris 160 fois
  • Le résultat moyen est 8 sur 14
Statistiques - réponses
Population
(En milliers)
Superficie Nom du
territoire
% Correct
35 802 153 km² Îles Vierges britanniques
80%
5 146 102 km² Montserrat
70%
32 247 6,8 km² Gibraltar
68%
70 864 53,3 km² Bermudes
66%
3198 12 200 km² Îles Malouines
62%
17 087 91 km² Anguilla
60%
61 733 264 km² Îles Caïmans
59%
5 145 410 km² Sainte-Hélène,Ascension et Tristan da Cunha
58%
35 924 948 km² Îles Turks-et-Caïcos
51%
50 47 km² Îles Pitcairn
50%
0 1 395 000 km² Territoire britannique del'Antarctique
46%
1400 3 903 km² Géorgie du Sud-et-les ÎlesSandwich du Sud
41%
3500 60 km² Territoire britannique del'océan Indien
29%
14 500 254 km² Akrotiri et Dhekelia
23%
Aucun quiz correspondant
Distribution des résultats
% des personnes avec chaque résultat
Percentile par nombre de réponses
Votre historique - résultats
Vous n’avez pas pris ce quiz